<?xml version="1.0" encoding="UTF-8"?><?xml-stylesheet type="text/xsl" href="static/style.xsl"?><OAI-PMH xmlns="http://www.openarchives.org/OAI/2.0/" xmlns:xsi="http://www.w3.org/2001/XMLSchema-instance" xsi:schemaLocation="http://www.openarchives.org/OAI/2.0/ http://www.openarchives.org/OAI/2.0/OAI-PMH.xsd"><responseDate>2026-06-06T03:11:35Z</responseDate><request verb="GetRecord" identifier="oai:riuma.uma.es:10630/39950" metadataPrefix="marc">https://riuma.uma.es/rest/oai/request</request><GetRecord><record><header><identifier>oai:riuma.uma.es:10630/39950</identifier><datestamp>2026-02-03T10:24:42Z</datestamp><setSpec>com_10630_1685</setSpec><setSpec>col_10630_38055</setSpec></header><metadata><record xmlns="http://www.loc.gov/MARC21/slim" xmlns:dcterms="http://purl.org/dc/terms/" xmlns:doc="http://www.lyncode.com/xoai" xmlns:xsi="http://www.w3.org/2001/XMLSchema-instance" xsi:schemaLocation="http://www.loc.gov/MARC21/slim http://www.loc.gov/standards/marcxml/schema/MARC21slim.xsd">
   <leader>00925njm 22002777a 4500</leader>
   <datafield ind2=" " ind1=" " tag="042">
      <subfield code="a">dc</subfield>
   </datafield>
   <datafield ind2=" " ind1=" " tag="720">
      <subfield code="a">Bris Reyes, María Ascensión</subfield>
      <subfield code="e">author</subfield>
   </datafield>
   <datafield ind2=" " ind1=" " tag="260">
      <subfield code="c">2025-06</subfield>
   </datafield>
   <datafield ind2=" " ind1=" " tag="520">
      <subfield code="a">Este TFG tiene como objetivo el estudio y diseño de un sistema de iluminación para un centro de ferias y congresos ubicado en Antequera, Málaga. Este proyecto continúa una fase anterior, en la que se abordó el diseño estructural del edificio.&#xd;
Para ello, se diseñan tres luminarias adaptadas a las distintas zonas del recinto.&#xd;
La propuesta parte de un análisis detallado del contexto normativo, técnico y de usuario. Se han estudiado las necesidades funcionales del edificio, así como las&#xd;
preferencias estéticas y de confort lumínico de los usuarios mediante encuestas, para&#xd;
definir unos requisitos de diseño. Además, se realiza un estudio de mercado de centros similares en otras ciudades de España.&#xd;
Desde el punto de vista estético, las luminarias diseñadas toman como referencia el&#xd;
Torcal de Antequera, buscando establecer una conexión entre el diseño lumínico y el&#xd;
patrimonio local, dotando al espacio de una identidad visual única.&#xd;
Desde un enfoque técnico, se realizan cálculos lumínicos con Dialux Evo para&#xd;
asegurar el cumplimiento de la normativa vigente. Asimismo, se ha diseñado la&#xd;
instalación eléctrica de baja tensión correspondiente y se ha llevado a cabo una simulación por elementos finitos de la luminaria colgante principal, con el objetivo de verificar su integridad estructural.&#xd;
Por otro lado, el proyecto incluye un manual de instrucciones detallado para el montaje de las luminarias, así como un manual básico de seguridad y salud destinado a facilitar su correcta instalación. Finalmente, se ha elaborado un presupuesto que permite valorar la viabilidad económica de la propuesta.</subfield>
   </datafield>
   <datafield ind1="8" ind2=" " tag="024">
      <subfield code="a">https://hdl.handle.net/10630/39950</subfield>
   </datafield>
   <datafield tag="653" ind2=" " ind1=" ">
      <subfield code="a">Alumbrado interior - Trabajos fin de grado</subfield>
   </datafield>
   <datafield tag="653" ind2=" " ind1=" ">
      <subfield code="a">Edificios - Alumbrado - Trabajos fin de grado</subfield>
   </datafield>
   <datafield tag="653" ind2=" " ind1=" ">
      <subfield code="a">Edificios - Aspectos económicos - Trabajos fin de grado</subfield>
   </datafield>
   <datafield ind2="0" ind1="0" tag="245">
      <subfield code="a">Estudio y diseño de iluminación para un centro de ferias y congresos en Antequera</subfield>
   </datafield>
</record>
</metadata></record></GetRecord></OAI-PMH>